¿Valieron la pena las privatizaciones? /

Guardado en:
書目詳細資料
主要作者: Chong, Alberto
其他作者: Lora, Eduardo
格式: Texto
主題:
標簽: 添加標簽
沒有標簽, 成為第一個標記此記錄!

MARC

LEADER 00000 a a2200000 04500
001 10841
003
040
100 |a Chong, Alberto  
245 |a ¿Valieron la pena las privatizaciones? /  |c Alberto Chong 
650 |a GOBIERNO  
650 |a PRIVATIZACION  
650 |a ANALISIS COMPARATIVO  
650 |a BRASIL  
650 |a ARGENTINA  
650 |a URUGUAY  
700 |a Lora, Eduardo  
773 |g número 207; páginas 80-92  
999 |c 22696  |d 22696